000 01059nam a2200277Ia 4500
003 OSt
005 20220923211422.0
006 a|||||r|||| 00| 0
007 ta
008 220922b |||||||| |||| 00| 0 san d
020 _a9788193630259 (hbk)
_c650
024 _a349,322
037 _b242, 16/01/2019, Eastern Book Linkers
_cTextual
040 _aARTS
_cARTS
_bsan
041 _2san
_asan
082 _aO15,1N36x, Q8
100 _aदीक्षित, हरिनारायण, ले.
_9160434
245 0 _aइदमपि श्रृणुत सखायः
246 _aIdamapi shrṛuṇut sakhāyah
260 _aदिल्ली
_b ईस्टर्न बुक लिंकर्स
_c2018
300 _a206पृ0
_ccm.
650 _a संस्कृत साहित्य
650 _aसंस्कृत कविता
_9156350
942 _hO15,1N36x, Q8
_cTEXL
_2CC
999 _c299296
_d299296